| 000 | 00564 a2200169 4500 | ||
|---|---|---|---|
| 003 | Nust | ||
| 005 | 20230221090525.0 | ||
| 040 | _cNust | ||
| 082 | _a297.63, ALI | ||
| 100 |
_aAli,Maulana Muhammad _9109269 |
||
| 245 |
_aMUHAMMAD The prophet _cMaulana Muhammad |
||
| 260 |
_aLahore _bAhmadiyyah Anjuman Islam |
||
| 300 | _a286:p | ||
| 505 | _aArabs Life (Page-1), Prophet Birth (Page-36), Islam (Page-40),Makkah Period (Page-84), Battles (Page-108), Marriages (Page-237), Prophets Moral And Manners (Page-255). | ||
| 650 |
_aMUHAMMAD _9109270 |
||
| 942 |
_2ddc _cBK |
||
| 999 |
_c185529 _d185529 |
||